Teaching students with special needs in inclusive settings / (Record no. 6439)
[ view plain ]
| 000 -LEADER | |
|---|---|
| fixed length control field | 00904cam a22002532 4500 |
| 001 - CONTROL NUMBER | |
| control field | 0000003663 |
| 005 - DATE AND TIME OF LATEST TRANSACTION | |
| control field | 20151217151928.0 |
| 008 - FIXED-LENGTH DATA ELEMENTS--GENERAL INFORMATION | |
| fixed length control field | 070511s xx 000 0 eng d |
| 020 ## - INTERNATIONAL STANDARD BOOK NUMBER | |
| International Standard Book Number | 020532147X : |
| 040 ## - CATALOGING SOURCE | |
| Original cataloging agency | KABU |
| Transcribing agency | KABU |
| 050 #0 - LIBRARY OF CONGRESS CALL NUMBER | |
| Classification number | LC1201 |
| Item number | .T43 2001 |
| 245 10 - TITLE STATEMENT | |
| Title | Teaching students with special needs in inclusive settings / |
| Statement of responsibility, etc. | Tom E. C. Smith ... [et al.] |
| 250 ## - EDITION STATEMENT | |
| Edition statement | 3rd ed. |
| 260 ## - PUBLICATION, DISTRIBUTION, ETC. (IMPRINT) | |
| Place of publication, distribution, etc. | Boston : |
| Name of publisher, distributor, etc. | Allyn and Bacon, |
| Date of publication, distribution, etc. | c2001. |
| 300 ## - PHYSICAL DESCRIPTION | |
| Extent | xv, 560 p. : |
| Other physical details | ill. (some col.) ; |
| Dimensions | 26 cm. |
| 504 ## - BIBLIOGRAPHY, ETC. NOTE | |
| Bibliography, etc | Includes bibliographical references and indexes. |
| 650 #0 - SUBJECT ADDED ENTRY--TOPICAL TERM | |
| Topical term or geographic name as entry element | Inclusive education |
| Geographic subdivision | United States. |
| -- | 0000153729 |
| 650 #0 - SUBJECT ADDED ENTRY--TOPICAL TERM | |
| Topical term or geographic name as entry element | Special education |
| Geographic subdivision | United States. |
| -- | 0000153730 |
| 650 #0 - SUBJECT ADDED ENTRY--TOPICAL TERM | |
| Topical term or geographic name as entry element | Handicapped children |
| General subdivision | Education |
| Geographic subdivision | United States. |
| -- | 0000153731 |
| 700 1# - ADDED ENTRY--PERSONAL NAME | |
| Personal name | Smith, Tom E. C. |
| -- | 0000153732 |
| 908 ## - PUT COMMAND PARAMETER (RLIN) | |
| Put command parameter | 070511 |
| 950 ## - LOCAL HOLDINGS (RLIN) | |
| -- | 1 |
| Withdrawn status | Lost status | Source of classification or shelving scheme | Not for loan | Home library | Current library | Date acquired | Total Checkouts | Full call number | Barcode | Date last seen | Price effective from | Koha item type |
|---|---|---|---|---|---|---|---|---|---|---|---|---|
| Library of Congress Classification | Kabarak, Main Campus | Kabarak, Main Campus | 17/12/2015 | LC1201 .T43 2001 | 007811 | 17/12/2015 | 17/12/2015 | General Collection | ||||
| Library of Congress Classification | Kabarak, Main Campus | Kabarak, Main Campus | 17/12/2015 | LC1201 .T43 2001 | 007810 | 17/12/2015 | 17/12/2015 | General Collection |